Vybrané state z pevných trakčných zariadení

Bibliographic Details
Main Author: Lanáková, Gabriela, 1944- (Author)
Format: Book
Language:Slovak
PhysicalDescription:159 s. fot., tab., sch. 29 cm
Published: Bratislava Alfa 1987
Edition:1. vyd.
Series:Vysokoškolské učebné texty
Subjects:

MARC

LEADER 00000nam a2200000 a 4500
001 vtls001085494
003 SK-MaSNL
005 20260301062333.0
008 240517s1987 xo a f np 00000 slo
015 |a SNBA1987/09 
035 |a SNK000028333 
040 |a SNK  |b slo  |c SNK  |e AACR2 
041 0 |a slo 
044 |a xo  |c SK 
080 |a 621.332(075.8)  |2 1981 
100 1 |a Lanáková, Gabriela,  |d 1944-  |4 aut  |9 10116 
245 1 0 |a Vybrané state z pevných trakčných zariadení  |c Gabriela Lanáková 
250 |a 1. vyd. 
260 |a Bratislava  |b Alfa  |c 1987  |e Bratislava  |f Západoslovenské tlačiarne 
300 |a 159 s.  |b fot., tab., sch.  |c 29 cm 
366 |e 300 výtl. 
490 1 |a Vysokoškolské učebné texty 
504 |a Obsahuje bibliografiu 
650 0 7 |a elektrická trakcia  |2 SNKPH  |9 68152 
650 0 7 |a trakčné vedenia  |2 SNKPH  |9 124327 
650 0 7 |a trolejové vedenia  |2 SNKPH  |9 86362 
655 7 |a učebnice vysokých škôl  |2 SNKPH  |9 70191 
830 0 |a Vysokoškolské učebné texty  |9 276539 
852 |a Slovenská národná knižnica 
958 |a OND 
958 |a NB 
958 |a TL 
958 |a UV 
999 |c 620267  |d 622197 
952 |t P60, <04>, [BOOK], {604}  |a SNK  |b SNK  |y VYP  |7 0  |p 17A0202626  |o snkSB 41972 D1  |0 0  |1 0  |4 0  |d 1999-07-21  |l 0  |r 2004-12-31 00:00:00  |w 2026-02-23 
952 |a SNK  |b SNK  |y PREZ  |7 0  |p 17A0823937  |o snkSB 41972   |0 0  |1 0  |4 0  |d 2012-05-17  |f 1  |l 0  |r 2025-04-30 00:00:00  |w 2026-02-23